000 00682nam a2200217Ia 4500
999 _c41388
_d41388
001 8050
003 GE_BSU
005 20200117142438.0
008 181216s2012||||ge |||||||||||||| ||geo||
020 _a9789941926921
040 _cGE_BSU
041 _ageo
080 _a821.353.1-1 ტ–15
100 _aტაბიძე, გალაქტიონ
_96210
245 _aპოეზია /
_cგალაქტიონ ტაბიძე.
264 _aთბილისი :
_bმერანი,
_c2012.
300 _a192 გვ.;
_b15 სმ.
653 _aპოეზია
653 _aმხატვრული ლიტერატურა
942 _cBK
_2udc